Lanean...

Elements of Indian aesthetics : (v.2.4 two streams of indian arts)/

Xehetasun bibliografikoak
Egile nagusia: Goshal Shastri S N
Beste egile batzuk: Ghoshal Sastri
Formatua: Printed Book
Argitaratua: Varanasi: Chowkhamba Sanskrit Series Office, 1978
Gaiak:
LEADER 00707nam a22001931a 4500
082 |a R 111.850954  |b GHO/E 
100 |a Goshal Shastri S N  |9 493 
245 |a Elements of Indian aesthetics :  |b (v.2.4 two streams of indian arts)/ 
260 |a Varanasi:  |b Chowkhamba Sanskrit Series Office,  |c 1978 
300 |a 178p. 
650 |a Aesthetics  |9 494 
650 |a Aesthetics India  |9 495 
650 |a Aesthetic philosophy  |9 496 
650 |a Literature India  |9 497 
650 |a Philosophy  |9 498 
700 |a Ghoshal Sastri  |9 499 
942 |c REF 
999 |c 12249  |d 12249 
952 |0 0  |1 0  |4 0  |6 R_111_850954000000000_GHO_E  |7 0  |9 17776  |a SSUS  |b SSUS  |c REF  |d 2015-01-08  |g 500.00  |o R 111.850954 GHO/E  |p 064466  |r 2015-01-08  |v 0.00  |w 2015-01-08  |y REF